Elogio de la locura
Tallennettuna:
| Päätekijä: | |
|---|---|
| Aineistotyyppi: | Kirja |
| Kieli: | espanja |
| Julkaistu: |
Madrid
Unidad Editorial
1999
|
| Sarja: | Las 100 Joyas del Milenio
|
| Aiheet: | |
| Tagit: |
Lisää tagi
Ei tageja, Lisää ensimmäinen tagi!
|
MARC
| LEADER | 00000nam a2200000 a 4500 | ||
|---|---|---|---|
| 001 | UCH5955 | ||
| 003 | CL-VaPUC | ||
| 008 | 091105e19990000SP |||||||||||||||||spa|d | ||
| 020 | |a 8481301779 | ||
| 082 | 0 | 4 | |a 144 |b ERA |2 21 |
| 100 | 0 | |a Erasmo de Rotterdam |e author |9 368153 | |
| 245 | 1 | 0 | |a Elogio de la locura |
| 300 | |a 128 p | ||
| 942 | |c BK | ||
| 945 | |d 20091105 00:00:00 |a dcastane | ||
| 260 | |a Madrid |b Unidad Editorial |c 1999 | ||
| 650 | 0 | |a Humanismo |9 256530 | |
| 583 | |a last modification |c 20091105 00:00:00 |k Rodrigo Vera | ||
| 490 | 0 | |a Las 100 Joyas del Milenio | |
| 999 | |c 336949 |d 336947 | ||
| 952 | |0 0 |1 0 |4 0 |6 144_000000000000000_ERA_1999 |7 0 |8 A |9 429023 |a BIBGIM |b BIBGIM |d 2019-11-22 |i 4613805 |o 144 ERA 1999 |p 4613805 |r 2025-01-15 |w 2019-11-22 |y BK |k SSL | ||